British Empire A-Z #2 - Statistics

General Stats
  • This quiz has been taken 33 times
    5 since last reset
  • The average score is 8 of 26
Answer Stats
Hint Answer % Correct
B Mutineers from this ship settled on Pitcairn Island HMS {Bounty}
67%
O Conflicts that resulted in the acquisition of Hong Kong Opium Wars
67%
Q Persian Gulf protectorate Qatar
67%
V Empress of India Victoria
67%
A Indian city and site of a massacre in 1919 Amritsar
33%
H Became Belize on independence British {Honduras}
33%
D The 'second city' of the empire Dublin
33%
F What the Hudson's Bay Company traded Furs
33%
E Event held at the Crystal Palace in 1851 Great {Exhibition}
33%
C Yorkshire-born explorer of the South Pacific James Cook
33%
K Area of Hong Kong that was home to the Walled City Kowloon
33%
L Dr. ________, I presume? Livingstone
33%
M Term for the journey millions of slaves took across the Atlantic Middle Passage
33%
N 'New Scotland' Nova Scotia
33%
P Powhatan woman who died in Gravesend Pocahontas
33%
S Colony settled by London's 'Black Poor' Sierra Leone
33%
G Period of British-Russian rivalry centred on Afghanistan The Great Game
33%
T Term for the exiling of criminals to Australia Transportation
33%
W Leader of the abolition movement William Wilberforce
33%
Y Canadian territory created in 1898 Yukon
33%
Z Movement supported by the 1917 Balfour Declaration Zionism
33%
I Battle in which the Zulus defeated the British Battle of {Isandlwana}
0%
J Island taken from the Spanish in 1655 Jamaica
0%
R 'Lost Colony' mysteriously abandoned in the 16th century Roanoke
0%
U Region 'planted' by English and Scots in the 17th century Ulster
0%
X Term for British rule in the Ionian Islands; Greek for 'rule by foreigners' Xenocracy
0%
No matching quizzes found
Score Distribution
Percent of People with Each Score
Percentile by Number Answered
Your Score History
You have not taken this quiz since the last reset